000 01234nam a2200349 a 4500
003 CHAP
005 20220817044438.0
008 110516s1990 mx a r 10000 spa d
010 _a101189
011 _a102161
020 _a9683620213
035 _a112849
040 _cCHAP
082 0 4 _a930.10972
_bC71
111 2 _aColoquio Bosch - Gimpera de etnoarqueología (
_d1990 :
_cMéxico, D.F.)
_925415
245 1 0 _aEtnoarqueología coloquio Bosch - Gimpera (1er.)
_c/editado por Yoko Sugiura Y. y Mari Carmen Serra P.
260 _aMéxico, D.F. :
_bUNAM. Instituto de Investigaciones Antropológicas,
_c1990
300 _a594 p. ;
_bilus.
590 _aBATCH-UPD
_b10
_c20130110
_lUCH01
_h1453
590 _aBATCH-UPD
_b10
_c20130410
_lUCH01
_h0919
590 _aBATCH-UPD
_b10
_c20130914
_lUCH01
_h0359
590 _aCONVERSION
_b10
_c20130109
_lUCH01
_h1356
650 0 4 _aEtnografía.
_938651
650 1 4 _aArqueología
_zMéxico.
_97357
650 1 4 _aMéxico
_xCultura.
_976736
650 1 4 _aMéxico
_xHistoria.
700 0 _aSerra Puche, Mari Carmen
_e, ed.
_9105188
700 0 _aSugiura, Yoko
_e, ed.
_9110599
901 _aBK
942 _cLIBRO
949 _a930.10972 C71
_bBC
_cLIBRO
_d33724002254801
_eLIBRO
_h114916
_i112849
_sb
999 _c101189
_d101189